000 00623nam a2200229Ia 4500
003 OSt
005 20230410164558.0
008 210423s2019 xx 000 0 und d
020 _a978-1-5063-8630-0
040 _cAL
041 _aeng
082 _a519.5
_223
_bPRIE
100 _aPRIVITERA (Gregory J)
_985737
245 _aEssential statistics for the behavioral sciences Ed 2
250 _a2
260 _aCalifornia
_bSage Publications
_c2019
300 _axli,596
_bPB
365 _b7001.2
_cUSD
650 _aStatistics
_985738
906 _abehavioral ; Essential ; sciences ; statistics
942 _2ddc
_cBK
999 _c169612
_d169612